Anteproyecto de una villa Eco turística en la Laguna de Xiloá en el municipio de Mateare, departamento de Managua
Presenta un proyecto con impacto urbanos armoniosos, en beneficio de la comunidad y del medio ambiente, un puente de unión donde el trabajo y la participación surja en beneficio de todos los involucrados, un proyecto que nazca desde la realidad del entorno, que sea identidad y progreso, y que pres...
| Main Authors: | , , |
|---|---|
| Other Authors: | |
| Format: | Tesis Section = Libro |
| Language: | Undetermined Spanish |
| Published: |
Managua
UNI
2009
|
| Subjects: |
| LEADER | 01320nam a2200289Ia 4500 | ||
|---|---|---|---|
| 008 | 240830s9999 xx 000 0 und d | ||
| 040 | |a BIBLIOTECA-RUSB/ Mon 719.3 M385 | ||
| 041 | |a spa | ||
| 082 | |a Mon 719.3 M385 | ||
| 100 | 1 | |a Martínez Escobar, Ofelia María | |
| 100 | 1 | |b Moraga Valle, Rolando Solón | |
| 100 | 1 | |c Turcíos Mayorga, María Fernanda | |
| 245 | 1 | 0 | |a Anteproyecto de una villa Eco turística en la Laguna de Xiloá en el municipio de Mateare, departamento de Managua |
| 260 | |a Managua |b UNI |c 2009 | ||
| 300 | |a 179 p. :il. | ||
| 500 | |a Contiene: anexos. | ||
| 502 | |a Tesis (Arquitecto) - UNI, 2009. | ||
| 520 | 3 | |a Presenta un proyecto con impacto urbanos armoniosos, en beneficio de la comunidad y del medio ambiente, un puente de unión donde el trabajo y la participación surja en beneficio de todos los involucrados, un proyecto que nazca desde la realidad del entorno, que sea identidad y progreso, y que presente respuesta a las problemáticas de la realidad circundante. | |
| 650 | 7 | |a RESERVAS NATURALES-NICARAGUA | |
| 650 | 7 | |b ARQUITECTURA BIOCLIMATICA | |
| 650 | 7 | |c TURISMO-NICARAGUA | |
| 650 | 7 | |d PAISAJES | |
| 650 | 7 | |e ARQUITECTURA-DISEÑOS Y PLANOS | |
| 700 | 1 | |a Tutor: |b Fuentes Telica, María de los Ángeles | |
| 942 | |c BK |2 ddc | ||
| 991 | |a TESIS | ||
| 999 | |c 21107 | ||